Derechos y deberes del empresario y del trabajador (Record no. 175558)

MARC details
000 -LEADER
campo de control de longitud fija 00762nam a2200205 i 4500
001 - NÚMERO DE CONTROL
campo de control 175558
003 - IDENTIFICADOR DE NÚMERO DE CONTROL
campo de control ES-MaACL
005 - FECHA Y HORA DE LA ÚLTIMA TRANSACCIÓN
campo de control 20250826063040.0
008 - DATOS DE LONGITUD FIJA--INFORMACIÓN GENERAL
campo de control de longitud fija 101108s1969 sp |||| | spa d
080 ## - NÚMERO DE LA CLASIFICACIÓN DECIMAL UNIVERSAL
Número de la Clasificación Decimal Universal 351.83:331.1
100 1# - ENTRADA PRINCIPAL--NOMBRE DE PERSONA
Nombre de persona Virgili Jiménez, Juan.
9 (RLIN) 143854
245 10 - MENCIÓN DEL TÍTULO
Título Derechos y deberes del empresario y del trabajador
Resto del título : el contrato de trabajo desde su nacimiento hasta su extinción /
Mención de responsabilidad, etc. Juan Virgili Giménez.
260 ## - PUBLICACIÓN, DISTRIBUCIÓN, ETC.
Lugar de publicación, distribución, etc. Barcelona :
Nombre del editor, distribuidor, etc. De Vecchi,
Fecha de publicación, distribución, etc. imp. 1969.
300 ## - DESCRIPCIÓN FÍSICA
Extensión 229 p. ;
Dimensiones 20 cm.
490 1# - MENCIÓN DE SERIE
Mención de serie Biblioteca "La ley para todos" ;
Designación de volumen o secuencia 4
650 04 - PUNTO DE ACCESO ADICIONAL DE MATERIA--TÉRMINO DE MATERIA
Término de materia o nombre geográfico como elemento de entrada Contratos de trabajo-
Subdivisión geográfica España
9 (RLIN) 11331
830 0# - PUNTO DE ACCESO ADICIONAL DE SERIE-TÍTULO UNIFORME
Título uniforme Biblioteca "La ley para todos" ;
Designación de volumen o secuencia 4
9 (RLIN) 189806
852 ## - LOCALIZACIÓN
Ubicación ES-MaACL
Número de control de estantería E-13447
Encuadernación Olim P-1841
Holdings
Estatus retirado Estado de pérdida Estado de daño No para préstamo Biblioteca de origen Biblioteca actual Ubicación en estantería Fecha de adquisición Fuente de adquisición Total de préstamos Signatura topográfica completa Código de barras Visto por última vez Precio de reemplazo Tipo de ítem Koha
        Biblioteca del Ateneo de Madrid Biblioteca del Ateneo de Madrid Depósito 2 08/11/2010     E-13447 1184338 23/02/2023 23/02/2023 Libro impreso